Upper Leg Muscles - Statistics

General Stats
  • This quiz has been taken 15 times
  • The average score is 5 of 13
Answer Stats
Picture Answer % Correct
Sartorius
100%
Rectus Femoris
71%
Adductor Longus
43%
Adductor Magnus
43%
Semitendinosus
43%
Vastus Intermedius
43%
Vastus Lateralis
43%
Vastus Medialis
43%
Semimembranosus
29%
Adductor Brevis
14%
Bicep Femoris Long Head
14%
Bicep Femoris Short Head
14%
Popliteal Fascia
14%
No matching quizzes found
Score Distribution
Percent of People with Each Score
Percentile by Number Answered
Your Score History
You have not taken this quiz